ბათუმის შოთა რუსთაველის სახელმწიფო უნივერსიტეტის ბიბლიოთეკა

ძიებანი რუსეთ-საქართველოს ურთიერთობის ისტორიიდან (X-XVI სს). (ბიბ.ჩანაწერი № 56647)

000 -LEADER
fixed length control field 01132nam a2200241Ia 4500
001 - CONTROL NUMBER
control field 23769
003 - CONTROL NUMBER IDENTIFIER
control field GE_BSU
008 - FIXED-LENGTH DATA ELEMENTS--GENERAL INFORMATION
fixed length control field 181216s||||||||xx |||||||||||||| ||und||
040 ## - CATALOGING SOURCE
Transcribing agency GE_BSU
080 ## - UNIVERSAL DECIMAL CLASSIFICATION NUMBER
Universal Decimal Classification number 94(479.22:470)"09/15
100 ## - MAIN ENTRY--PERSONAL NAME
Personal name ცინცაძე, ი.
245 ## - TITLE STATEMENT
Title ძიებანი რუსეთ-საქართველოს ურთიერთობის ისტორიიდან (X-XVI სს).
245 ## - TITLE STATEMENT
Statement of responsibility, etc. რედ. შ. მესხია
260 ## - PUBLICATION, DISTRIBUTION, ETC.
Place of publication, distribution, etc. თბილისი
260 ## - PUBLICATION, DISTRIBUTION, ETC.
Name of publisher, distributor, etc. თბილ. უნ-ტის გამ-ბა
260 ## - PUBLICATION, DISTRIBUTION, ETC.
Date of publication, distribution, etc. 1956
300 ## - PHYSICAL DESCRIPTION
Extent 352გვ. ; 22სმ.
300 ## - PHYSICAL DESCRIPTION
Accompanying material ბიბლიოგრ. შენიშვნებში. - დანართი: "საძიებლები", გვ. 333-348.
653 ## - INDEX TERM--UNCONTROLLED
Uncontrolled term რუსეთ-საქართველოს ურთიერთობის ისტორია, X-XVI სს.
653 ## - INDEX TERM--UNCONTROLLED
Uncontrolled term ძიებანი რუსეთ-საქართველოს ურთიერთობის ისტორიიდან (X-XVI სს).
942 ## - ADDED ENTRY ELEMENTS (KOHA)
Koha item type წიგნი
ეგზემპლარები
Withdrawn status Lost status Damaged status Not for loan Date acquired Barcode Date last seen Price effective from Koha item type
        2018-12-17 28540 2018-12-17 2018-12-17 წიგნი